Pays ayant le plus de cascades ( chute d'eau ) - Statistiques

Statistiques générales
  • Ce quiz a été pris 60 fois
  • Le résultat moyen est 3 sur 5
Statistiques - réponses
Réponse % Correct
Canada
89%
Brésil
86%
Norvège
53%
Nouvelle-Zélande
42%
Etat-Unis
2%
Aucun quiz correspondant
Distribution des résultats
% des personnes avec chaque résultat
Percentile par nombre de réponses
Votre historique - résultats
Vous n’avez pas pris ce quiz